الأساطير المؤسسة لإسرائيل : القومية , الاشتراكية , و قيام الدولة اليهودية / (رقم التسجيلة. 113293)

تفاصيل مارك
000 -LEADER
fixed length control field 00609nam a22001577a 4500
005 - DATE AND TIME OF LATEST TRANSACTION
control field 20251108174612.0
008 - FIXED-LENGTH DATA ELEMENTS--GENERAL INFORMATION
fixed length control field 250721s2001 xx 000 0 ara d
082 14 - DEWEY DECIMAL CLASSIFICATION NUMBER
Classification number 956.402/نهل
100 1# - MAIN ENTRY--PERSONAL NAME
Personal name نهل, زئيف ستير
245 10 - TITLE STATEMENT
Title الأساطير المؤسسة لإسرائيل : القومية , الاشتراكية , و قيام الدولة اليهودية /
264 1# - PRODUCTION, PUBLICATION, DISTRIBUTION, MANUFACTURE, AND COPYRIGHT NOTICE
Place of production, publication, distribution, manufacture رام الله :
Name of producer, publisher, distributor, manufacturer المركز الفلسطيني للدراسات الاسرائيلية،
Date of production, publication, distribution, manufacture, or copyright notice 2001.
650 17 - SUBJECT ADDED ENTRY--TOPICAL TERM
Topical term or geographic name as entry element اسراايل
700 1# - ADDED ENTRY--PERSONAL NAME
Personal name الغزاوي, عزت
Relator term مترجم
942 ## - ADDED ENTRY ELEMENTS (KOHA)
Source of classification or shelving scheme Dewey Decimal Classification
Koha item type كتب
المقتنيات
حالة السحب حالة الفقدان مصدر التصنيف حالة التلف غير قابل للإعارة المكتبة الرئيسية المكتبة الحالية موقع الرف تاريخ التزويد الرقم المتسلسل Total Checkouts رقم الإستدعاء الباركود تاريخ آخر ظهور تاريخ الفاتورة نوع المادة (كوها)
    Dewey Decimal Classification     المكتبة المركزية المكتبة المركزية الإعارة 28/07/2025 1210744   956.402/نهل PLD00032308 28/07/2025 28/07/2025 كتب
Implemented & Customized by: BBB with SCIT (Smart Chains for Information Technology)

Powered by Koha